000 00573nam a22001937a 4500
005 20251108172147.0
008 250721s1995 xx 000 0 ara d
082 1 4 _a658.456/مصط
100 1 _aسعد الله، مصطفى السيد
245 1 0 _aالمؤتمرات :
_bتخطيط - تنفيذ - تقييم /
264 1 _aالقاهرة :
_bمكتبة الوفاء،
_c1995.
300 _a326ص
650 1 7 _aالإجتماعات
650 1 7 _aالإدارة
650 1 7 _aالتنظيم
650 1 7 _aالمؤتمرات
942 _2ddc
_cBK
999 _c71930
_d71930